000 00893nam a2200229 i 4500
001 156112
003 ES-MaACL
005 20230906210326.0
008 981218s1846 fr |||| | lat d
040 _aCCPB | B
_bspa
_cCCPB | B
100 0 _aIsócrates.
_965584
245 1 0 _aIsokrates
_b= Isocratis orationes et epistolae : graece et latine /
_cIsocrate ; recognovit J. G. Baiter ...
260 _aParisiis :
_bAmbrosio Firmin Didot, instituti regii Franciae typographo,
_c1846.
300 _aII, 299 p. ;
_c26 cm.
490 1 _aScriptorum graecorum bibliotheca
594 _aTexto paralelo en griego y latín.
597 _aTexto a dos col.
700 1 _aBaiter, J. G.
_9125785
830 0 _aScriptorum graecorum bibliotheca
_9182435
852 _aES-MaACL
_jB-2476(1)
_z-- Enc. hol.
_x-- Edic.: quitar de la menc. de resp. Isócrate, ya aparece en el tít.
999 _c156112
_d156112